نساء مقاتلات : (Record no. 14461)
[ view plain ]
| 000 -الفاتح | |
|---|---|
| حقل البيانات ثابتة الطول | 01216nam a22002297a 4500 |
| 008 - عناصر البيانات ثابتة الطول - معلومات عامة | |
| حقل البيانات ثابتة الطول | 100712s2000 ua|||||r|||| 000 0 ara d |
| 082 ## - رقم تصنيف ديوى العشرى | |
| رقم الطبعة | 22 |
| رقم التصنيف | 355.00820973 |
| رقم المادة | ن س ا |
| 100 ## - المدخل الرئيسى - إسم شخصى | |
| 9 (RLIN) | 16185 |
| الإسم الشخصى | آديس، إيليزابيتا |
| 245 ## - بيان العنوان | |
| العنوان | نساء مقاتلات : |
| بقية العنوان | الصور والحقائق / |
| بيان المسئوليه,etc | تحرير إيليزابيتا آديس، فاليريا إى روسو، لورينزا سيبيستا ؛ ترجمة توفيق علي منصور |
| 260 ## - PUBLICATION, DISTRIBUTION, ETC. (IMPRINT) | |
| مكان الناشر او الموزع | القاهرة: |
| اسم الناشر او الموزع | المجلس الأعلى للثقافة، 2000 |
| تاريخ النشر أو التوزيع | 2000 |
| 300 ## - الوصف المادى | |
| التعداد | 221 ص ؛ |
| أبعاد الوعاء | 24 سم |
| 504 ## - تبصرة ببليوجرافية | |
| تبصرة ببليوجرافية,الخ | ببليوجرافية: ص 109-217 |
| 541 ## - تبصرة المصدر المباشر للتزويد | |
| مصدر التزويد | ألف باء ؛ |
| طريقة التزويد | شراء ؛ |
| 650 ## - المدخل الاضافى بالموضوع-مصطلح موضوعى | |
| 9 (RLIN) | 16198 |
| مصطلح موضوعي أو اسم جغرافي كعنصر مدخل | المرأة كجندية |
| 650 ## - المدخل الاضافى بالموضوع-مصطلح موضوعى | |
| 9 (RLIN) | 16199 |
| مصطلح موضوعي أو اسم جغرافي كعنصر مدخل | المرأة الأمريكية |
| 700 ## - المدخل الاضافى - اسم شخصى | |
| 9 (RLIN) | 16185 |
| الإسم الشخصى | آديس، إيليزابيتا |
| الدور | محرر |
| 700 ## - المدخل الاضافى - اسم شخصى | |
| 9 (RLIN) | 16186 |
| الإسم الشخصى | إي روسو، فاليريا |
| الدور | محرر |
| 700 ## - المدخل الاضافى - اسم شخصى | |
| 9 (RLIN) | 16187 |
| الإسم الشخصى | سيبيستا، لورينزا |
| الدور | محرر |
| 700 ## - المدخل الاضافى - اسم شخصى | |
| 9 (RLIN) | 16194 |
| الإسم الشخصى | منصور، توفيق علي |
| الدور | مترجم |
| 942 ## - عناصر المدخل الإضافي( كوها) | |
| مصدر التصنيف او مخطط الترفيف | Dewey Decimal Classification |
| Koha [default] item type | Book - Borrowing |
| حالة التراجع | حالة الفقد | مصدر التصنيف او خطة الترفيف | حالة تلف | ليس للاعارة | مجموعات كوها | المكان الدائم | المكان الحالي | موقع الترفيف | تاريخ الاكتساب | Source of acquisition | رقم الاستدعاء | الباركود | Date last seen | نوع الوعاء |
|---|---|---|---|---|---|---|---|---|---|---|---|---|---|---|
| Dewey Decimal Classification | Alef-Baa | Central Library | Central Library | First floor | 12/07/2010 | 355.00820973 آدي | 000021469 | 15/07/2025 | Book - Borrowing |